| 000 | 01138nam0a22003011 4500 | ||
|---|---|---|---|
| 001 | rc\4249791 | ||
| 005 | 20250612030316.0 | ||
| 021 |
_aRU _b[61-88957] |
||
| 035 | _a(NLR Aleph) 008475546 | ||
| 090 |
_a7957230 _c7957230 |
||
| 100 | _a20130416d1961 |||y0rusy50 ca | ||
| 101 | 0 | _arus | |
| 102 | _aRU | ||
| 105 | _ay z ||||| | ||
| 200 | 1 | _aКультура социалистическая и культура буржуазная | |
| 210 |
_aМосква _cЗнание _d1961 |
||
| 215 |
_a40 с. _d20 |
||
| 225 | 1 |
_aНародный университет культуры _i[Общественно-политический факультет] _v[14] |
|
| 300 | _aПеред загл. авт.: канд. философ. наук Э.А. Баллер | ||
| 320 | _aБиблиогр.: с. 39 | ||
| 606 |
_aБуржуазная культура _2psbo |
||
| 606 |
_aСоциалистическая культура _2psbo |
||
| 700 | 1 |
_aБаллер _bЭ.А. _f1918-1987 _gЭлеазар Александрович |
|
| 801 | 0 |
_aRU _bNLR _gpsbo |
|
| 801 | 1 |
_aRU _bELAR _2rusmarc |
|
| 852 |
_aNLR _j62-4/1429 |
||
| 942 | _cBOOK | ||
| 980 | _aNB | ||